000 00407pam a2200157 a 4500
020 _a1560792248 :
040 _cDLC
082 _a004 PRI 1992 A002 Or.
100 1 _aWilliams, Linda,
245 1 0 _aComputers /
260 _aPrinceton, N.J. :
_bPeterson's,
_cc1992.
300 _axv, 87 p. :
_bill. ;
_c26 cm.
500 _a"A New Century Communications book."
650 0 _aComputer science
942 _cEK
999 _c16780
_d16780